000 00644nam a22002297a 4500
003 OSt
005 20240626162219.0
008 240626b |||||||| |||| 00| 0 eng d
020 _a9780748775484
040 _cMUST
082 _a372.216 SAD 2004
100 _aSadek, Elizabeth
_918121
245 _aGood practice in Nursery Management
250 _a2nd ed.
260 _aCheltenham
_b: Nelson Thornes ltd
_c,2004
300 _axv,183p.
_b: ill
_c; 24 cm
504 _aincludes index
650 _2Nursery management
650 _aGood practice - nursery management
_918122
700 _aJacqueline, Sadek
_918123
942 _2ddc
_cO_SHELF
999 _c8950
_d8950